[Event "Let's Play Chess!"]
[Site "http://www.queenalice.com/game.php?id=408163"]
[Date "2008.5.26"]
[Round "-"]
[White "raquca"]
[Black "Donidon"]
[Result "0-1"]
[WhiteElo "1879"]
[BlackElo "2344"]

1. d4 Nf6 2. Nf3 d5 3. c4 c6 4. Nc3 e6 5. Bg5 Be7 6. e3 O-O 7. Bd3 Nbd7 8. O-O
dxc4 9. Bxc4 b5 10. Bb3 Nb6 11. Ne5 Bb7 12. Qe2 Nfd5 13. Bxe7 Qxe7 14. Rac1 f6
15. Nxd5 cxd5 16. Nd3 Rfc8 17. Nc5 a6 18. Rc2 Nc4 19. Bxc4 dxc4 20. Qg4 Re8 21.
b3 Bd5 22. bxc4 Bxc4 23. Re1 e5 24. Rd1 f5 25. Qxf5 exd4 26. Rxd4 g6 27. Rg4 Qg7
28. Qg5 Qa1+ 0-1

[Event "Let's Play Chess!"]
[Site "http://www.queenalice.com/game.php?id=408164"]
[Date "2008.5.26"]
[Round "-"]
[White "raquca"]
[Black "Rapha66"]
[Result "1-0"]
[WhiteElo "1759"]
[BlackElo "1828"]

1. b3 e5 2. Bb2 Nc6 3. e3 Bc5 4. Be2 d6 5. d3 Nf6 6. Nd2 Be6 7. Ngf3 O-O 8. O-O
Bg4 9. c4 Bb4 10. a3 Bxd2 11. Qxd2 Bxf3 12. Bxf3 Re8 13. Rfd1 Qd7 14. d4 exd4
15. exd4 Re7 16. Bxc6 bxc6 17. Re1 Rae8 18. Rxe7 Qxe7 19. f3 Qe2 20. Rd1 Re3 21.
Qxe2 Rxe2 22. Bc1 Re3 23. b4 Rc3 24. c5 dxc5 25. dxc5 Nd5 26. Bb2 Rb3 27. Bc1
Rb1 28. Kf2 h6 29. Ke1 Kf8 30. Bd2 Rxd1+ 31. Kxd1 Ke7 32. Ke2 a6 33. Kd3 Ke6 34.
Ke4 f5+ 35. Kd4 g5 36. g3 h5 37. Bxg5 Kf7 38. h4 Kg6 39. Bd8 Kf7 40. Bg5 Ke6 41.
Bd2 Nf6 42. Bf4 Nd5 43. Bg5 Nf6 44. Bf4 Nd5 45. Bd2 Kf6 46. a4 Ke7 47. Kc4 Ke6
48. b5 cxb5+ 49. axb5 axb5+ 50. Kxb5 Kd7 51. Bc1 Nc3+ 52. Kc4 Ne2 53. Bf4 Ng1
54. Kd5 Nxf3 55. c6+ Kd8 56. Ke6 Nd4+ 57. Kd5 Nf3 58. Be3 Ke7 59. Bc5+ Kf6 60.
Ba7 Ke7 61. Bb8 Kd8 62. Ba7 f4 63. Bf2 fxg3 64. Bxg3 Nd2 65. Be5 Nf3 66. Bf6+
Kc8 67. Ke4 Nd2+ 68. Kf5 Nc4 69. Kg5 Na5 70. Kxh5 Nxc6 71. Kg6 Nb4 72. h5 Nd5
73. h6 Nf4+ 74. Kf5 Nh5 75. Kg6 Nf4+ 76. Kg5 Ne6+ 77. Kg6 c5 78. Kf7 Nd8+ 79.
Ke8 Ne6 80. h7 c4 81. h8=Q Kb7 82. Qh1+ Kb6 83. Bc3 Nc7+ 84. Kd7 Nb5 85. Qc6+
Ka7 86. Qxc4 Na3 87. Bd4+ Kb7 88. Qb4+ Nb5 89. Qxb5+ Ka8 90. Qa6+ Kb8 91. Qa7#
1-0

[Event "Let's Play Chess!"]
[Site "http://www.queenalice.com/game.php?id=408165"]
[Date "2008.5.26"]
[Round "-"]
[White "raquca"]
[Black "KirumbaKizumba"]
[Result "0-1"]
[WhiteElo "1874"]
[BlackElo "2191"]

1. Nf3 Nf6 2. b3 g6 3. Bb2 Bg7 4. e3 O-O 5. Be2 d6 6. O-O e5 7. d3 Nc6 8. Nbd2
Re8 9. c4 a5 10. a3 Qe7 11. Qc2 Bf5 12. Rfe1 e4 13. dxe4 Nxe4 14. Nxe4 Bxe4 15.
Qc1 Ne5 16. Nxe5 Bxe5 17. Bxe5 Qxe5 18. Ra2 h5 19. Rd2 Qg5 20. Bf1 h4 21. h3 Re6
22. Rd4 b6 23. Qd1 Rae8 24. Qg4 Qxg4 25. hxg4 Kg7 26. f3 Bc2 27. b4 Rxe3 28.
Rxe3 Rxe3 29. bxa5 bxa5 30. Rd2 Rc3 31. Kf2 a4 32. Be2 g5 33. Ke1 Kf6 34. Bf1
Bb3 35. Kf2 Bxc4 36. Bxc4 Rxc4 37. Ra2 Rc3 38. Ke2 d5 39. Kd2 d4 40. Ra1 c5 41.
Ra2 Ke5 42. Ke2 d3+ 43. Kd2 Rc2+ 44. Rxc2 dxc2 45. Kxc2 Kd4 46. Kd2 c4 47. Kc2
c3 48. Kc1 Kd3 49. Kd1 f6 50. Kc1 c2 0-1

[Event "Let's Play Chess!"]
[Site "http://www.queenalice.com/game.php?id=408166"]
[Date "2008.5.26"]
[Round "-"]
[White "CampbellMarcel"]
[Black "raquca"]
[Result "1-0"]
[WhiteElo "1685"]
[BlackElo "1904"]

1. e4 e5 2. Bc4 Nf6 3. Nc3 Nc6 4. Nf3 Be7 5. Ng5 O-O 6. O-O d6 7. Nxf7 Rxf7 8.
Bxf7+ Kxf7 9. Ne2 Be6 10. d3 Kg8 11. f4 exf4 12. Nxf4 Qd7 13. Nxe6 Qxe6 14. c3
d5 15. exd5 Qxd5 16. Bf4 Bd6 17. Bxd6 Qxd6 18. Qc2 Rd8 19. d4 a6 20. Rae1 b5 21.
Qb3+ Kh8 22. Re6 Qd7 23. Rfe1 h6 24. a4 Nd5 25. axb5 axb5 26. Qxb5 Nce7 27. Qxd7
Rxd7 28. c4 Nf5 29. cxd5 Rxd5 30. R6e5 1-0

[Event "Let's Play Chess!"]
[Site "http://www.queenalice.com/game.php?id=408167"]
[Date "2008.5.26"]
[Round "-"]
[White "Rapha66"]
[Black "raquca"]
[Result "0-1"]
[WhiteElo "1848"]
[BlackElo "1858"]

1. e4 e5 2. Nf3 Nc6 3. Bb5 a6 4. Bxc6 dxc6 5. d3 Bd6 6. Nc3 f6 7. h3 Bd7 8. d4
Qe7 9. dxe5 fxe5 10. Bg5 Nf6 11. Qe2 O-O 12. O-O-O h6 13. Bxf6 Qxf6 14. Rhf1
Bxh3 15. gxh3 Qxf3 16. Qxf3 Rxf3 17. Rd3 Raf8 18. Nd1 Rxd3 19. cxd3 Rf3 20. Ne3
Rxh3 21. Kd1 Bc5 22. Ng4 Rxd3+ 23. Ke2 Rd4 24. Nxe5 Rxe4+ 25. Kd3 Rxe5 26. f4
Rd5+ 27. Ke4 Bd6 28. b3 Rd2 29. a4 Kf7 30. Ke3 Rb2 31. f5 Rxb3+ 32. Kd4 c5+ 33.
Kc4 Ra3 34. Rb1 Rxa4+ 35. Kd5 b5 36. Re1 Rd4+ 37. Kc6 b4 38. Ra1 Rf4 39. Rxa6
Rxf5 40. Kb5 g5 41. Ra1 h5 42. Kc4 h4 43. Kb5 g4 44. Rh1 h3 45. Kc4 h2 46. Kd3
g3 47. Ke2 g2 0-1

[Event "Let's Play Chess!"]
[Site "http://www.queenalice.com/game.php?id=408168"]
[Date "2008.5.26"]
[Round "-"]
[White "KirumbaKizumba"]
[Black "raquca"]
[Result "1-0"]
[WhiteElo "2090"]
[BlackElo "1877"]

1. c4 Nf6 2. Nc3 g6 3. g3 Bg7 4. Bg2 O-O 5. d4 d6 6. Nf3 c6 7. O-O Nbd7 8. e4
Qc7 9. Qe2 e5 10. Rd1 a6 11. dxe5 dxe5 12. b4 b5 13. a4 Bb7 14. axb5 axb5 15.
Rxa8 Rxa8 16. c5 h6 17. Bb2 Kh7 18. Bh3 Kh8 19. Qd3 Nf8 20. Ne2 Ra2 21. Bxe5 Qe7
22. Nc1 Ra4 23. Nb3 Rxb4 24. Na5 Nxe4 25. Bd6 Qe8 26. Nxb7 f5 27. Bxf8 Bxf8 28.
Nd6 Qe7 29. Ne5 Kh7 30. Nxg6 Kxg6 31. Bxf5+ Kg5 32. Bxe4 Bg7 33. h4+ Kf6 34.
Qf3+ Ke6 35. Qf5# 1-0

[Event "Let's Play Chess!"]
[Site "http://www.queenalice.com/game.php?id=475676"]
[Date "2008.10.10"]
[Round "-"]
[White "raquca"]
[Black "jope"]
[Result "1-0"]
[WhiteElo "1867"]
[BlackElo "1762"]

1. e4 c5 2. Nf3 d6 3. d4 cxd4 4. Nxd4 e5 5. Nb3 a6 6. Bd3 h6 7. O-O Nf6 8. Qe2
Be7 9. Nc3 Be6 10. h3 O-O 11. Be3 Bxb3 12. axb3 Nbd7 13. f4 exf4 14. Bxf4 Nc5
15. e5 dxe5 16. Bxe5 Nh7 17. Rad1 f6 18. Bxh7+ Kxh7 19. Rxd8 Raxd8 20. Bf4 Rfe8
21. Qh5 Rg8 22. Kh1 Ne6 23. Be3 g5 24. Qf7+ Ng7 25. Qxe7 Rde8 26. Qc5 Re5 27.
Qb6 Nh5 28. Kh2 Re7 29. Nd5 Rf7 30. c4 f5 31. Bd4 g4 32. Qe6 Rfg7 33. Bxg7 Rxg7
34. Qxf5+ Kh8 35. Qxh5 Kh7 36. Nf6+ Kh8 37. Qxh6+ Rh7 38. Qf8# 1-0

[Event "Let's Play Chess!"]
[Site "http://www.queenalice.com/game.php?id=475680"]
[Date "2008.10.11"]
[Round "-"]
[White "raquca"]
[Black "BraulioFerreira"]
[Result "1/2-1/2"]
[WhiteElo "1794"]
[BlackElo "1749"]

1. d4 Nf6 2. Nf3 d5 3. e3 c6 4. Be2 Qc7 5. O-O Nbd7 6. c4 dxc4 7. Bxc4 e6 8. Nc3
Be7 9. b3 b5 10. Bd3 a6 11. Bb2 O-O 12. Qc2 Bb7 13. Rac1 c5 14. Be2 Rac8 15.
Rfd1 cxd4 16. Nxd4 b4 17. Na4 Qxc2 18. Rxc2 Rxc2 19. Nxc2 Rd8 20. f3 Nd5 21. Kf2
N7b6 22. Nxb6 Nxb6 23. Rxd8+ Bxd8 24. Nxb4 a5 25. Nc2 Be7 26. Bb5 Nd5 27. Nd4
Nb4 28. a3 Nd5 29. e4 Nf6 30. Ke3 Kf8 31. Kd3 g5 32. h3 Nh5 33. Ne2 f6 34. g4
Nf4+ 35. Nxf4 gxf4 36. a4 e5 37. Bc3 Bd8 38. Bc4 h6 39. Bd5 Ba6+ 40. Bc4 Bb7 41.
Bd5 Ba6+ 42. Bc4 Bb7 43. Bd5 1/2-1/2

[Event "New Year Tournament"]
[Site "http://www.queenalice.com/game.php?id=515874"]
[Date "2009.1.2"]
[Round "-"]
[White "raquca"]
[Black "lafasouza"]
[Result "1-0"]
[WhiteElo "1778"]
[BlackElo "1739"]

1. e4 e5 2. Nf3 d6 3. Bc4 Nf6 4. d3 Nc6 5. c3 Bg4 6. h3 Bxf3 7. Qxf3 Qd7 8. O-O
O-O-O 9. b4 Kb8 10. a4 h6 11. Na3 b6 12. Be3 h5 13. Nb5 Qe7 14. a5 a6 15. axb6
axb5 16. Bxb5 Kb7 17. d4 cxb6 18. Ra3 exd4 19. cxd4 Nxe4 20. Rfa1 Nxb4 21. Ra7+
Kb8 22. Ra8+ Kc7 23. R1a7# 1-0

[Event "Let's Play Chess!"]
[Site "http://www.queenalice.com/game.php?id=540845"]
[Date "2009.2.15"]
[Round "-"]
[White "hipus"]
[Black "raquca"]
[Result "1-0"]
[WhiteElo "2165"]
[BlackElo "1792"]

1. Nf3 d5 2. d4 Nf6 3. c4 e6 4. Nc3 Be7 5. Bg5 O-O 6. e3 Nbd7 7. Qc2 c6 8. cxd5
cxd5 9. Bd3 h6 10. Bh4 b6 11. O-O Bb7 12. Rfc1 Rc8 13. Qe2 Re8 14. Rc2 Ne4 15.
Bxe7 Qxe7 16. Rac1 Nxc3 17. Rxc3 Rxc3 18. Rxc3 Rc8 19. Rxc8+ 1-0